000 00385nam a2200157Ia 4500
008 210716s1999 xx 000 0 und d
020 _a8176352624
041 _aeng
082 _a004.6001 ABER
100 _aAbernethy, Randy; Morin, Randy; Chahin, Jesus.
245 _aCom/ dcom.
250 _a1
260 _aNew Delhi
_bTechmedia
_c1999
300 _axviii,666
650 _aNone
999 _c183750
_d183750